<?xml version="1.0" encoding="UTF-8"?>
<collection xmlns="http://www.loc.gov/MARC21/slim">
 <record>
  <leader>07510nam a2200517 a 4500</leader>
  <controlfield tag="001">kal917</controlfield>
  <controlfield tag="003">Gr-AtHEAL</controlfield>
  <controlfield tag="005">20160425120146.0</controlfield>
  <controlfield tag="006">m        d        </controlfield>
  <controlfield tag="008">160413s2015    gr      s           gre|c</controlfield>
  <datafield tag="040" ind1=" " ind2=" ">
   <subfield code="a">GR-AtHEAL</subfield>
   <subfield code="b">gre</subfield>
   <subfield code="c">GR-AtHEAL</subfield>
  </datafield>
  <datafield tag="082" ind1="0" ind2="4">
   <subfield code="a">540</subfield>
   <subfield code="2">23</subfield>
  </datafield>
  <datafield tag="100" ind1="1" ind2=" ">
   <subfield code="a">Σπηλιόπουλος, Ιωακείμ.</subfield>
   <subfield code="8">1421</subfield>
  </datafield>
  <datafield tag="245" ind1="1" ind2="0">
   <subfield code="a">Χημεία </subfield>
   <subfield code="h">[Ηλεκτρονικός πόρος] </subfield>
   <subfield code="b">Στοιχεία γενικής οργανικής και βιολογικής χημείας</subfield>
   <subfield code="c">Σπηλιόπουλος, Ιωακείμ ;  Ξαπλαντέρη, Μαρία ;  Βάκρος, Ιωάννης ; Κριτικός αναγνώστης Σαρηγιάννης Ιωάννης ;  Τεχνική επιμέλεια, Παπαβασιλείου Σπυρίδων ;  Γλωσσική επιμέλεια, Καλλιάρας Δημήτρης.</subfield>
  </datafield>
  <datafield tag="260" ind1=" " ind2=" ">
   <subfield code="a">Αθήνα :</subfield>
   <subfield code="b">Σύνδεσμος Ελληνικών Ακαδημαϊκών Βιβλιοθηκών,</subfield>
   <subfield code="c">c2015.</subfield>
  </datafield>
  <datafield tag="490" ind1=" " ind2=" ">
   <subfield code="a">Ακαδημαϊκά Ηλεκτρονικά Συγγράμματα και Βοηθήματα Κάλλιπος</subfield>
   <subfield code="8">40</subfield>
  </datafield>
  <datafield tag="505" ind1="0" ind2=" ">
   <subfield code="a">1. Άτομα Ιόντα Μόρια 2. Ο Χημικός Δεσμός 3. Ονοματολογία Ανόργανων Χημικών Ενώσεων 4. Καταστάσεις της Ύλης: Αέρια, Υγρά και Στερεά 5. Διαλύματα 6. Οξέα Βάσεις Άλατα 7. Κολλοειδή 8. Χημικές Αντιδράσεις 9. Αντιδράσεις σε διαλύματα 10. Βασικές αρχές οξειδοαναγωγής 11. Χημεία μερικών στοιχείων και ενώσεων 12. Γενική θεώρηση οργανικών ενώσεων 13. Αλκάνια 14. Ακόρεστοι υδρογονάνθρακες 15. Αρωματικοί υδρογονάνθρακες 16. Αλκοόλες Φαινόλες Αιθέρες 17. Αλδεΰδες Κετόνες 18. Καρβοξυλικά οξέα και εστέρες καρβοξυλικών οξέων 19. Αμίνες 20. Υδατάνθρακες 21. Λιπίδια 22. Πρωτεΐνες 23. Ένζυμα 24. Μεταβολισμός- Παραγωγή ενέργειας</subfield>
  </datafield>
  <datafield tag="520" ind1=" " ind2=" ">
   <subfield code="a">Το βιβλίο περιγραφεί βασικές αρχές Γενικής Χημείας, Οργανικής και Βιολογικής Χημείας που είναι απαραίτητες για τις Γεωργικές Επιστήμες. Όλες οι βασικές έννοιες παρατίθενται με τρόπο απλό και κατανοητό χωρίς να εισέρχεται σε λεπτομέρειες καθώς απευθύνεται σε σπουδαστές Γεωπονικών Επιστημών Τεχνολογικών Ιδρυμάτων για τους οποίους η γνώση βασικών αρχών Χημείας είναι απαραίτητη.Κάθε κεφάλαιο του βιβλίου συνοδεύεται από πολλά παραδείγματα που διευκολύνουν την κατανόηση των εννοιών καθώς και ασκήσεις (κλειστού τύπου, πολλαπλής επιλογής κ.ά.) που αποσκοπούν να αυτοαξιολογήσει ο αναγνώστης τον βαθμό κατανόηση της θεωρίας. Στο πρώτο μέρος του βιβλίου που αποτελείται από έντεκα αυτοτελή κεφάλαια (κεφάλαια 1-11) παρατίθενται στοιχεία Γενικής Χημείας, όπως δομή του ατόμου, Περιοδικός Πίνακας, διαλύματα, κολλοειδή, οξέα βάσεις άλατα, pH οξειδοαναγωγικές αντιδράσεις, χημική ισορροπία. Στο τέλος του πρώτου μέρους, στο 11ο κεφάλαιο, περιγράφονται επιλεγμένες ανόργανες ενώσεις που έχουν ιδιαίτερο ενδιαφέρον για τις Γεωργικές Επιστήμες.Στο δεύτερο μέρος περιγράφονται αρχές Οργανικής Χημείας. Αποτελείται από οκτώ κεφάλαια. Στο πρώτο κεφάλαιο του δεύτερου μέρους (12ο κεφάλαιο) περιγράφονται βασικά χαρακτηριστικά των οργανικών ενώσεων ώστε ο αναγνώστης σταδιακά να εξοικειωθεί με τις οργανικές ενώσεις. Στα επόμενα κεφάλαια (13ο-19ο) περιγράφονται τα ιδιαίτερα χαρακτηριστικά, οι φυσικές και χημικές ιδιότητες των κυριότερων ομόλογων σειρών (υδρογονάνθρακες, αλκοόλες, φαινόλες, αλδεΰδες, κετόνες, καρβοξυλικά οξέα και παράγωγά τους, αμίνες). Το τρίτο μέρος του βιβλίου, κεφάλαια 20-24, αναφέρονται στα κυριότερα βιολογικά μόρια (υδατάνθρακες, λιπίδια και πρωτεΐνες) και περιγράφονται οι βασικές χημικές ιδιότητές τους. Στο 23ο κεφάλαιο περιγράφονται τα ένζυμα και οι βασικές αρχές της λειτουργίας.Το τελευταίο κεφάλαιο του τρίτου μέρους (κεφάλαιο 24ο) περιγράφει συνοπτικά τις μεταβολικές οδούς που συμβαίνουν στους οργανισμούς και τις διεργασίες παραγωγής ενέργειας στους οργανισμούς.</subfield>
  </datafield>
  <datafield tag="650" ind1=" " ind2="0">
   <subfield code="a">Chemistry</subfield>
   <subfield code="8">2414</subfield>
  </datafield>
  <datafield tag="653" ind1=" " ind2=" ">
   <subfield code="a">Μεταβολισμός</subfield>
  </datafield>
  <datafield tag="653" ind1=" " ind2=" ">
   <subfield code="a">Πρωτεϊνες</subfield>
  </datafield>
  <datafield tag="653" ind1=" " ind2=" ">
   <subfield code="a">Λιπίδια</subfield>
  </datafield>
  <datafield tag="653" ind1=" " ind2=" ">
   <subfield code="a">Υδατάνθρακες</subfield>
  </datafield>
  <datafield tag="653" ind1=" " ind2=" ">
   <subfield code="a">Ονοματολογία οργανικών ενώσεων</subfield>
  </datafield>
  <datafield tag="653" ind1=" " ind2=" ">
   <subfield code="a">Ομόλογες ενώσεις</subfield>
  </datafield>
  <datafield tag="653" ind1=" " ind2=" ">
   <subfield code="a">Οργανικές ενώσεις</subfield>
  </datafield>
  <datafield tag="653" ind1=" " ind2=" ">
   <subfield code="a">Οξειδωαναγωγή</subfield>
  </datafield>
  <datafield tag="653" ind1=" " ind2=" ">
   <subfield code="a">Χημική ισορροπία</subfield>
  </datafield>
  <datafield tag="653" ind1=" " ind2=" ">
   <subfield code="a">Χημικές αντιδράσεις</subfield>
  </datafield>
  <datafield tag="653" ind1=" " ind2=" ">
   <subfield code="a">Κολλοειδή</subfield>
  </datafield>
  <datafield tag="653" ind1=" " ind2=" ">
   <subfield code="a">Οξεοβασική συμπεριφορά</subfield>
  </datafield>
  <datafield tag="653" ind1=" " ind2=" ">
   <subfield code="a">Διαλύματα</subfield>
  </datafield>
  <datafield tag="653" ind1=" " ind2=" ">
   <subfield code="a">Κατάσταση της ύλης</subfield>
  </datafield>
  <datafield tag="653" ind1=" " ind2=" ">
   <subfield code="a">Ονοματολογία</subfield>
  </datafield>
  <datafield tag="653" ind1=" " ind2=" ">
   <subfield code="a">Χημικός δεσμός</subfield>
  </datafield>
  <datafield tag="653" ind1=" " ind2=" ">
   <subfield code="a">Περιοδικός πίνακας</subfield>
  </datafield>
  <datafield tag="653" ind1=" " ind2=" ">
   <subfield code="a">Δομή ατόμου</subfield>
  </datafield>
  <datafield tag="653" ind1=" " ind2=" ">
   <subfield code="a">Χημεία/Γενική χημεία</subfield>
   <subfield code="a">Ανόργανη χημεία</subfield>
   <subfield code="a">Γεωργική χημεία</subfield>
  </datafield>
  <datafield tag="700" ind1="1" ind2=" ">
   <subfield code="a">Ξαπλαντέρη, Μαρία</subfield>
   <subfield code="e">Συγγραφέας</subfield>
   <subfield code="8">1422</subfield>
  </datafield>
  <datafield tag="700" ind1="1" ind2=" ">
   <subfield code="a">Βάκρος, Ιωάννης</subfield>
   <subfield code="e">Συγγραφέας</subfield>
   <subfield code="8">1423</subfield>
  </datafield>
  <datafield tag="700" ind1="1" ind2=" ">
   <subfield code="a">Σαρηγιάννης Ιωάννης</subfield>
   <subfield code="e">Κριτικός αναγνώστης</subfield>
   <subfield code="8">1424</subfield>
  </datafield>
  <datafield tag="856" ind1="4" ind2="0">
   <subfield code="u">http://hdl.handle.net/11419/917</subfield>
   <subfield code="z">Πλήρες Κείμενο - Full text</subfield>
  </datafield>
  <datafield tag="907" ind1=" " ind2=" ">
   <subfield code="a">.b25681503</subfield>
   <subfield code="b">12-06-18</subfield>
   <subfield code="c">29-07-16</subfield>
  </datafield>
  <datafield tag="949" ind1=" " ind2=" ">
   <subfield code="0">0</subfield>
   <subfield code="1">0</subfield>
   <subfield code="2">ddc</subfield>
   <subfield code="4">0</subfield>
   <subfield code="6">540_000000000000000_ΣΠΗ</subfield>
   <subfield code="7">0</subfield>
   <subfield code="8">KALL</subfield>
   <subfield code="8">909</subfield>
   <subfield code="d">2016-04-13</subfield>
   <subfield code="r">2016-04-13</subfield>
   <subfield code="w">2016-04-13</subfield>
   <subfield code="z">540 ΣΠΗ</subfield>
   <subfield code="o">SEAB KALLIPOS</subfield>
  </datafield>
  <datafield tag="998" ind1=" " ind2=" ">
   <subfield code="a">80</subfield>
   <subfield code="a">01</subfield>
   <subfield code="a">02</subfield>
   <subfield code="a">03</subfield>
   <subfield code="a">04</subfield>
   <subfield code="a">05</subfield>
   <subfield code="a">06</subfield>
   <subfield code="a">07</subfield>
   <subfield code="a">08</subfield>
   <subfield code="a">09</subfield>
   <subfield code="a">10</subfield>
   <subfield code="a">11</subfield>
   <subfield code="a">12</subfield>
   <subfield code="a">13</subfield>
   <subfield code="a">14</subfield>
   <subfield code="a">15</subfield>
   <subfield code="a">16</subfield>
   <subfield code="a">17</subfield>
   <subfield code="a">18</subfield>
   <subfield code="a">19</subfield>
   <subfield code="a">20</subfield>
   <subfield code="a">21</subfield>
   <subfield code="a">22</subfield>
   <subfield code="a">23</subfield>
   <subfield code="a">24</subfield>
   <subfield code="a">25</subfield>
   <subfield code="a">26</subfield>
   <subfield code="b">29-05-17</subfield>
   <subfield code="c">m</subfield>
   <subfield code="d">z  </subfield>
   <subfield code="e">-</subfield>
   <subfield code="f">gre</subfield>
   <subfield code="g">gr </subfield>
   <subfield code="h">0</subfield>
  </datafield>
  <datafield tag="942" ind1=" " ind2=" ">
   <subfield code="2">ddc</subfield>
   <subfield code="c">KALLIPOS</subfield>
  </datafield>
 </record>
</collection>
